00324nam a2200145Ia 45000030006000000050017000060080041000230400009000640410012000730820021000851000020001062450035001262600009001613000008001700Nust20170105110258.0161124s9999 xx 000 0 und d cIGIS aEnglish a526.1015125bSTR aGilbert Strang  aLinear Algebra Geodesy and GPS c1997 a624